000 00405nam a2200157Ia 4500
008 230524s9999 xx 000 0 und d
082 _a658.4
_bFOR
100 _aBehrouz A.Forouzan
245 0 _aCryptography and Network Security (Special Indian Edition)
250 _aIST
260 _aNEW DELHI
_bTMH
_c2010
300 _aXXI;709
500 _aQuantity Number: 4
650 _aComp-Sc
942 _cBK
999 _c46721
_d46721